02223 a2200241 45000010006000000050017000060080041000230030015000640400040000790800153001192450042002722640056003143000017003705051436003870410008018231000023018317000021018547000029018757000030019047000020019347000018019547000009019725474220260407155823.0260407a1970 arg spa dAR-UNSa-BCEJYS aAR-UNSa-BCEJYSbspacAR-UNSa-BCEJYS a338xSituación económica. Política económica. Gestión de la economía. Planificación de la economía. Producción. Servicios. Precios10aEstudio socioeconómico de Andalucia 1aMadrid :bInstituto de Desarrollo Económicoc1970 a3 v.c21 cm. aTOMO I: 1. Introducción – 2. Aspectos básicos de la situación socioeconómica de Andalucía en el quinquenio 196-1965 – 3. Precisiones metodológicas – 4. Análisis variables básicas – 5. Los medios rural y urbano – 6. Clases sociales subjetivas – 7. Clases sociales objetivas – 8. Distribución de la renta – 9. La emigración en origen – 10. La mentalidad tradicional - - TOMO II: 1. Observaciones generales: obstáculos a la investigación sociedad en Andalucía – 2. Población y migraciones – 3. La población como factor de la oferta de trabajo – 4. Desempleo – 5. Vivienda – 6. Sanidad – 7. Educación – 8. Ingresos y hábitos de consumo y ahorro - - TOMO III: Primera Parte: EL SECTOR AGRARIO: 1. Introducción – 2. La agricultura andaluza y el desarrollo socioeconómico – 3. Condiciones naturales y técnicas para la producción agrícola – 4. Estructura social y rural y régimen de tendencia de la tierra – 5. Problemas económicos de las explotaciones y de la comercialización agrícola – 6. Estructura de los organismos – 7. Relaciones entre industrias y agricultura – 8. Problemas de los municipios rurales – 9. Perspectivas para el futuro – 10. Educación e investigación - - Segunda Parte: FACTORES GEOGRAFICOSEN EL DESARROLLO DE ANDALUCIA: 1. Los factores naturales – 2. Regiones geográficas – 3. E hombre y la economía.  aspa1 aMurillo, Francisco1 aVarela, Gregorio1 aJIménez Blanco, José1 aGarcia Barbancho, Alfonso1 aBosque, Joaquin1 aLinz, Juan J,1 aKade